Statistics for Top 10 NBA MVP's 1990's

Click here to take the quiz!

General Stats

  • This quiz has been taken 2,819 times
    (2,332 since last reset)
  • The average score is 26 of 36

Answer Stats

Players% Correct
Karl Malone
99%
Michael Jordan
99%
Shaquille O'Neal
98%
Hakeem Olajuwon
96%
Magic Johnson
96%
Scottie Pippen
96%
Charles Barkley
95%
David Robinson
95%
Tim Duncan
94%
John Stockton
92%
Patrick Ewing
92%
Larry Bird
91%
Clyde Drexler
90%
Gary Payton
90%
Allen Iverson
87%
Penny Hardaway
86%
Tim Hardaway
86%
Alonzo Mourning
84%
Dominique Wilkins
83%
Kevin Garnett
82%
Kevin Johnson
82%
Shawn Kemp
80%
Chris Webber
71%
Joe Dumars
70%
Dennis Rodman
69%
Chris Mullin
68%
Mark Price
68%
Grant Hill
62%
Jason Kidd
51%
Glen Rice
44%
Brad Daugherty
38%
Terry Porter
28%
Tom Chambers
28%
Buck Williams
20%
Vin Baker
13%
Anthony Mason
10%

Score Distribution

Percentile by Number Answered

Percent of People with Each Score

Your Score History

You have not taken this quiz since the last reset